000 00795nam a2200241Ia 4500
003 GCL
008 140319s9999 xx 000 0 ara d
040 _aGCL /
_cGCL
082 0 4 _a811.5
_bم ا
100 1 _aمحمد كمال حلمى
245 1 0 _aابوالطيب المتنبى : حياته وخلقه وشعره واسلوبه /
_cمحمد كمال حلمى
700 1 _aعلى ابوزيد
250 _aالثانية
260 _a[S.N] :
_bمكتبة سعد الدين ،
_c1986
300 _a374 ص ؛
_c24 سم
490 _a
650 0 4 _aالشعر العربى
650 0 4 _aدواوين وقصائد
650 0 4 _aالدولة العباسية الثانية
650 0 4 _aالادباء العرب
650 0 4 _aابوالطيب المتنبى
942 _2ddc
_cBK
999 _c31208
_d31208